00392nam a2200157Ia 450000500170000000800410001704000190005804100120007708200160008924500420010526000340014730000100018165000100019170000230020185000100022420240827114800.0131103s9999 xx 000 0 und d aLoreto College aEnglish a891.43bRAI aHindi bharaticedited by Sinhasan Rai aKolkatabAdarsha Pustakc1975 a72p.  aHindi aRai, Sinhasan; ed. aLCBED